<?xml version="1.0" encoding="UTF-8"?>
<record
    xmlns:xsi="http://www.w3.org/2001/XMLSchema-instance"
    xsi:schemaLocation="http://www.loc.gov/MARC21/slim http://www.loc.gov/standards/marcxml/schema/MARC21slim.xsd"
    xmlns="http://www.loc.gov/MARC21/slim">

  <leader>01386    a2200265   4500</leader>
  <controlfield tag="001">63927</controlfield>
  <controlfield tag="005">20260521160826.0</controlfield>
  <controlfield tag="008">260521a1998    arg                 spa d</controlfield>
  <controlfield tag="003">AR-UNSa-BCEJYS</controlfield>
  <datafield tag="040" ind1=" " ind2=" ">
    <subfield code="a">AR-UNSa-BCEJYS</subfield>
    <subfield code="b">spa</subfield>
    <subfield code="c">AR-UNSa-BCEJYS</subfield>
  </datafield>
  <datafield tag="080" ind1=" " ind2=" ">
    <subfield code="a">658.56</subfield>
    <subfield code="x">Control de la calidad. Control de herramientas y material</subfield>
  </datafield>
  <datafield tag="245" ind1="1" ind2="0">
    <subfield code="a">C&#xF3;mo implementar el Kaizen en el sitio de trabajo (Gemba)</subfield>
  </datafield>
  <datafield tag="020" ind1=" " ind2=" ">
    <subfield code="a">978-958-600-798-6</subfield>
  </datafield>
  <datafield tag="264" ind1=" " ind2="1">
    <subfield code="a">Santaf&#xE9; de Bogot&#xE1; :</subfield>
    <subfield code="b">McGraw-Hill</subfield>
    <subfield code="c">1998</subfield>
  </datafield>
  <datafield tag="300" ind1=" " ind2=" ">
    <subfield code="a">xxx, 312 p.</subfield>
    <subfield code="c">23 cm.</subfield>
  </datafield>
  <datafield tag="505" ind1=" " ind2=" ">
    <subfield code="a">1. Una introducci&#xF3;n a Kaizen &#x2013; 2. Gemba Kaizen &#x2013; 3. C&#xF3;mo gerenciar la calidad, el costo y la entrega en Gemba &#x2013; 4. Est&#xE1;ndares &#x2013; 5. Las cinco S (5 S): los cinco pasos &#x2013; 6. Muda &#x2013; 7. Los cimientos de la casa del Gemba &#x2013; 8. Gerencia visual o transparente &#x2013; 9. Los roles de los supervisores en el Gemba &#x2013; 10. Roles y responsabilidad de los administradores del Gemba Kaizen en Toyota Astra Motor Company &#x2013; 11. Justo a tiempo. El ultimo sistema de producci&#xF3;n &#x2013; 12. Justo a tiempo en Wiremold &#x2013; 13. Ir al Gemba: Gemba Kaizen de dos d&#xED;as y Kaizen corporativo general &#x2013;  </subfield>
  </datafield>
  <datafield tag="041" ind1=" " ind2=" ">
    <subfield code="a">spa</subfield>
  </datafield>
  <datafield tag="942" ind1=" " ind2=" ">
    <subfield code="c">BK</subfield>
  </datafield>
  <datafield tag="590" ind1=" " ind2=" ">
    <subfield code="a">niveau_biblio:m niveau_hierar:0</subfield>
  </datafield>
  <datafield tag="100" ind1="1" ind2=" ">
    <subfield code="a">Imai, Masaaki</subfield>
  </datafield>
  <datafield tag="700" ind1="1" ind2=" ">
    <subfield code="a">Rosas Lopetegui, Gloria Elizabeth</subfield>
  </datafield>
  <datafield tag="700" ind1="1" ind2=" ">
    <subfield code="a">Rosero Hinestroza, Roberto</subfield>
  </datafield>
  <datafield tag="650" ind1=" " ind2=" ">
    <subfield code="a">KAIZEN</subfield>
  </datafield>
  <datafield tag="650" ind1=" " ind2=" ">
    <subfield code="a"> kaizen </subfield>
  </datafield>
  <datafield tag="999" ind1=" " ind2=" ">
    <subfield code="c">36412</subfield>
    <subfield code="d">36412</subfield>
  </datafield>
  <datafield tag="952" ind1=" " ind2=" ">
    <subfield code="0">0</subfield>
    <subfield code="1">0</subfield>
    <subfield code="4">0</subfield>
    <subfield code="7">0</subfield>
    <subfield code="a">BCEJYS</subfield>
    <subfield code="b">BCEJYS</subfield>
    <subfield code="c">16</subfield>
    <subfield code="d">2026-05-21</subfield>
    <subfield code="l">0</subfield>
    <subfield code="o">658.56 I31</subfield>
    <subfield code="p">L87146</subfield>
    <subfield code="r">2026-05-21 16:08:26</subfield>
    <subfield code="w">2026-05-21</subfield>
    <subfield code="y">L</subfield>
  </datafield>
  <datafield tag="952" ind1=" " ind2=" ">
    <subfield code="0">0</subfield>
    <subfield code="1">0</subfield>
    <subfield code="4">0</subfield>
    <subfield code="7">0</subfield>
    <subfield code="a">BCEJYS</subfield>
    <subfield code="b">BCEJYS</subfield>
    <subfield code="c">16</subfield>
    <subfield code="d">2026-05-21</subfield>
    <subfield code="l">0</subfield>
    <subfield code="o">658.56 I31</subfield>
    <subfield code="p">L87147</subfield>
    <subfield code="r">2026-05-21 16:08:26</subfield>
    <subfield code="w">2026-05-21</subfield>
    <subfield code="y">L</subfield>
  </datafield>
</record>
